000 00615nam a2200229Ia 4500
003 OSt
005 20220927105245.0
006 a|||||r|||| 00| 0
007 ta
008 220926b |||||||| |||| 00| 0 eng d
024 _a168845
037 _cReference Collections
040 _aRTL
_cRTL
_beng
041 _2eng
_aeng
082 _a"X9.2s, GD/TD P1"
100 _aCarling Alan H.
_9371319
245 0 _aSocial division
260 _aLondon
_bVerso Press
_c1991
300 _a442
_ccm.
942 _h"X9.2s, GD/TD P1"
_cCC
999 _c691536
_d691536